|
LDR
| 02106nam a2200601 i 4500 |
|---|
| 001 | 23419 |
|---|
| 003 | CZ-PrJAB |
|---|
| 005 | 20190309095035.0 |
|---|
| 007 | ta |
|---|
| 008 | 150505s2015 xr a e 000 0 cze |
|---|
| 015 | | . |
‡acnb002698558 |
|---|
| 020 | | . |
‡a978-80-262-0812-9
‡q(brožováno) |
|---|
| 035 | | . |
‡a(CZ PrNK)nkc20152698558 |
|---|
| 035 | | . |
‡a(OCoLC)918010708 |
|---|
| 040 | | . |
‡aABA001
‡bcze
‡dOLA001
‡erda |
|---|
| 072 | | 7. |
‡a373.2/.3
‡xPředškolní a primární výchova a vzdělávání
‡2Konspekt
‡922 |
|---|
| 080 | | . |
‡a373.24
‡2MRF |
|---|
| 080 | | . |
‡a373.2
‡2MRF |
|---|
| 080 | | . |
‡a371.135
‡2MRF |
|---|
| 080 | | . |
‡a371.2
‡2MRF |
|---|
| 080 | | . |
‡a371.214
‡2MRF |
|---|
| 080 | | . |
‡a37.013.77
‡2MRF |
|---|
| 080 | | . |
‡a159.922.72
‡2MRF |
|---|
| 080 | | . |
‡a(048.8:082)
‡2MRF |
|---|
| 100 | 1 | . |
‡aKrejčová, Věra
‡7xx0011250
‡4aut |
|---|
| 245 | 1 | 0. |
‡aIndividualizace v mateřské škole /
‡cVěra Krejčová, Jana Kargerová, Zora Syslová |
|---|
| 250 | | . |
‡aVydání první |
|---|
| 264 | | 1. |
‡aPraha :
‡bPortál,
‡c2015 |
|---|
| 300 | | . |
‡a182 stran :
‡bilustrace ;
‡c23 cm |
|---|
| 336 | | . |
‡atext
‡btxt
‡2rdacontent |
|---|
| 337 | | . |
‡abez média
‡bn
‡2rdamedia |
|---|
| 338 | | . |
‡asvazek
‡bnc
‡2rdacarrier |
|---|
| 504 | | . |
‡aObsahuje bibliografie a bibliografické odkazy |
|---|
| 650 | 0 | 7. |
‡amateřské školy
‡7ph122683
‡2czenas |
|---|
| 650 | 0 | 7. |
‡apředškolní výchova
‡7ph124887
‡2czenas |
|---|
| 650 | 0 | 7. |
‡aindividualizovaná výuka
‡7ph414725
‡2czenas |
|---|
| 650 | 0 | 7. |
‡akurikulum
‡7ph115039
‡2czenas |
|---|
| 650 | 0 | 7. |
‡avzdělávací programy
‡7ph127309
‡2czenas |
|---|
| 650 | 0 | 7. |
‡apedagogická diagnostika
‡7ph115700
‡2czenas |
|---|
| 650 | 0 | 7. |
‡avývoj dítěte
‡7ph127471
‡2czenas |
|---|
| 650 | 0 | 9. |
‡akindergartens
‡2eczenas |
|---|
| 650 | 0 | 9. |
‡apreschool education
‡2eczenas |
|---|
| 650 | 0 | 9. |
‡aindividualized education
‡2eczenas |
|---|
| 650 | 0 | 9. |
‡acurriculum
‡2eczenas |
|---|
| 650 | 0 | 9. |
‡aeducational programs
‡2eczenas |
|---|
| 650 | 0 | 9. |
‡aeducational diagnostics
‡2eczenas |
|---|
| 650 | 0 | 9. |
‡achild development
‡2eczenas |
|---|
| 655 | | 7. |
‡akolektivní monografie
‡7fd501537
‡2czenas |
|---|
| 655 | | 9. |
‡acollective monographs
‡2eczenas |
|---|
| 700 | 1 | . |
‡aKargerová, Jana
‡7xx0011249
‡4aut |
|---|
| 700 | 1 | . |
‡aSyslová, Zora,
‡d1964-
‡7mub2011645863
‡4aut |
|---|
| 910 | | . |
‡aABG312 |
|---|
| 910 | | . |
‡aABH006 |
|---|
| 901 | | . |
‡a23419
‡b
‡c23419
‡tbiblio |
|---|